Countries with Above Average Fertility – Sudden Death - Statistics

General Stats
  • This quiz has been taken 30,405 times
  • The average score is 7 of 16
Answers on the Grid
Answers color-coded by a green-red scale on the quiz's grid according to % correct below.
Afghanistan
Canada
Chile
China
D. R. Congo
Ethiopia
Haiti
Honduras
Israel
Italy
Madagascar
Mexico
Mongolia
Nigeria
Oman
Pakistan
Papua New Guinea
Samoa
Somalia
South Korea
Spain
Sweden
Syria
Thailand
Turkey
Ukraine
Yemen
 
Answer Stats
Answer % Correct
5.90 D. R. Congo
76%
3.81 Ethiopia
71%
4.66 Afghanistan
65%
4.30 Nigeria
65%
5.91 Somalia
58%
3.50 Pakistan
57%
2.51 Haiti
52%
3.85 Madagascar
48%
4.41 Yemen
39%
3.03 Papua New Guinea
37%
2.66 Syria
35%
2.45 Honduras
32%
2.48 Oman
20%
3.75 Samoa
17%
2.75 Israel
15%
2.59 Mongolia
11%
No matching quizzes found
Score Distribution
Percent of People with Each Score
Percentile by Number Answered
Your Score History
You have not taken this quiz